000 00457nam a2200133Ia 4500
008 170419s9999 xx 000 0 und d
100 _aThompson, Renee.
245 _aPreparing new nurses to address bullying: the effect of an online educational module on learner self-efficacy
245 _cRenee Thompson & Lynn E. George
260 _bJanetti Publications Inc.
260 _c2016
300 _aNovember/December 2016
440 _aMedsurg Nursing
_v25:6
999 _c329550
_d329550